The Use of Stripping Voltammetry for Lead Determination during Toxic Chemicals Detoxication by an Electrochemical Method; Procedia Chemistry; Vol. 10 : Chemistry and Chemical Engineering in XXI century

التفاصيل البيبلوغرافية
Parent link:Procedia Chemistry
Vol. 10 : Chemistry and Chemical Engineering in XXI century.— 2014.— [P. 43-46]
المؤلف الرئيسي: Volgina T. N. Tatiana Nikolaevna
مؤلف مشترك: Национальный исследовательский Томский политехнический университет (ТПУ) Институт природных ресурсов (ИПР) Кафедра технологии органических веществ и полимерных материалов (ТОВПМ)
مؤلفون آخرون: Katyukhin (Katyuhin) V. E. Vladimir Evgenievich
الملخص:Title screen
The paper describes the results of stripping voltammetry usage to control concentration of lead ion which are formed during electrochemical detoxication of organic pollutants. Optimal conditions for the analysis of Pb{2+} were selected, i.e. 0.05 N KOH is an electrolyte, the deposition potential (-0.55) V, deposition time of 4 minutes, the amount of analyzed sample was 0.1 ml. The presence of organic matter does not affect the quantitative determination of lead ions. The developed method allows us to estimate the concentration of Pb{2+} in the amount of electrolyte at disposal of toxicants quickly and with a high degree of sensitivity.
Режим доступа: по договору с организацией-держателем ресурса
اللغة:الإنجليزية
منشور في: 2014
الموضوعات:
الوصول للمادة أونلاين:http://dx.doi.org/10.1016/j.proche.2014.10.009
http://earchive.tpu.ru/handle/11683/35468
التنسيق: الكتروني فصل الكتاب
KOHA link:https://koha.lib.tpu.ru/cgi-bin/koha/opac-detail.pl?biblionumber=639448

MARC

LEADER 00000nla2a2200000 4500
001 639448
005 20240110160208.0
035 |a (RuTPU)RU\TPU\network\3934 
035 |a RU\TPU\network\3928 
090 |a 639448 
100 |a 20150312a2014 k y0engy50 ba 
101 0 |a eng 
105 |a y z 100zy 
135 |a drcn ---uucaa 
181 0 |a i  
182 0 |a b 
200 1 |a The Use of Stripping Voltammetry for Lead Determination during Toxic Chemicals Detoxication by an Electrochemical Method  |f T. N. Volgina, V. E. Katyukhin (Katyuhin) 
203 |a Text  |c electronic 
300 |a Title screen 
320 |a [References: р. 46 (4 tit.)] 
330 |a The paper describes the results of stripping voltammetry usage to control concentration of lead ion which are formed during electrochemical detoxication of organic pollutants. Optimal conditions for the analysis of Pb{2+} were selected, i.e. 0.05 N KOH is an electrolyte, the deposition potential (-0.55) V, deposition time of 4 minutes, the amount of analyzed sample was 0.1 ml. The presence of organic matter does not affect the quantitative determination of lead ions. The developed method allows us to estimate the concentration of Pb{2+} in the amount of electrolyte at disposal of toxicants quickly and with a high degree of sensitivity. 
333 |a Режим доступа: по договору с организацией-держателем ресурса 
461 0 |0 (RuTPU)RU\TPU\network\3889  |t Procedia Chemistry 
463 0 |0 (RuTPU)RU\TPU\network\3890  |t Vol. 10 : Chemistry and Chemical Engineering in XXI century  |o XV International Scientific Conference dedicated to Professor L. P. Kulyov, 26-29 May 2014, Tomsk, Russia  |f National Research Tomsk Polytechnic University (TPU)  |v [P. 43-46]  |d 2014 
610 1 |a электронный ресурс 
610 1 |a труды учёных ТПУ 
610 1 |a инверсионная вольтамперометрия 
610 1 |a свинец 
610 1 |a токсичные вещества 
610 1 |a детоксикация 
610 1 |a электрохимические методы 
610 1 |a вольтамперометрия 
610 1 |a органические загрязнители 
610 1 |a органические вещества 
610 1 |a токсиканты 
610 1 |a stripping voltammetry 
610 1 |a determination of lead 
610 1 |a electrolyte 
610 1 |a deposition time 
610 1 |a deposition potential 
610 1 |a detoxication 
610 1 |a oxidation of phenol 
700 1 |a Volgina  |b T. N.  |c chemist  |c Associate Professor of Tomsk Polytechnic University, Candidate of chemical sciences  |f 1975-  |g Tatiana Nikolaevna  |3 (RuTPU)RU\TPU\pers\31296  |9 15474 
701 1 |a Katyukhin (Katyuhin)  |b V. E.  |c chemist  |c Associate Professor of Tomsk Polytechnic University, Candidate of chemical sciences  |f 1940-  |g Vladimir Evgenievich  |3 (RuTPU)RU\TPU\pers\33865 
712 0 2 |a Национальный исследовательский Томский политехнический университет (ТПУ)  |b Институт природных ресурсов (ИПР)  |b Кафедра технологии органических веществ и полимерных материалов (ТОВПМ)  |3 (RuTPU)RU\TPU\col\18659 
801 2 |a RU  |b 63413507  |c 20161228  |g RCR 
856 4 |u http://dx.doi.org/10.1016/j.proche.2014.10.009 
856 4 |u http://earchive.tpu.ru/handle/11683/35468 
942 |c CF